000
00326nam a2200133Ia 4500
008
230818s1999 xx 000 0 und d
041
_a
eng
100
_a
Ronald
245
_a
Food and Beverage Service
260
_b
Education Instt. Pub.
_c
1999
300
_a
597p
520
_a
General
999
_c
851754
_d
851754
650
_a
Food and Beverage service